000 00974nam2a2200241 4500
001 RU\NLR\BIBL_A\022522422
005 20260406120711.0
010 _a978-5-7164-1455-6
035 _a(NLR Aleph) 022522422
090 _a13399357
_c13399357
100 _a20250415d2024 |||y0rusy50 ca
101 0 _arus
102 _aRU
200 0 _a№ 3
210 _d2024
_aБ. м.
300 _aПосвящ. А. С. Пушкину. 225 лет со дня рождения поэта
461 0 _1001RU\NLR\BIBL_A\011978135
_12001#$aКультурное безбрежье. Культура вне границ$eальманах$v№ 3
_911294184
_cМосква
_d2019 -
_nPrime Publish
_oальманах
_tКультурное безбрежье
_v№ 3
702 1 _4280
_8rus
_7ca
_aПушкин
_bА. С.
_cпоэт
_f1799-1837
_gАлександр Сергеевич
_3RU\NLR\AUTH\77386
_9110441
852 _aNLR
_jП34/2411
942 _cISSUE
980 _aRUSPER
980 _aNB